[Event "Aragon-chT Honor Titulo"]
[Site "Aragon"]
[Date "2022.04.02"]
[Round "10.4"]
[White "Maza Broto, Pablo"]
[Black "Lacruz Algarate, Alvaro"]
[Result "1/2-1/2"]
[WhiteElo "2026"]
[BlackElo "2097"]
[PlyCount "103"]
[EventDate "2022.03.19"]
[EventType "team-tourn"]
[EventRounds "10"]
[EventCountry "ESP"]
[SourceTitle "EXT 2024"]
[Source "ChessBase"]
[SourceDate "2023.10.10"]
[SourceVersion "1"]
[SourceVersionDate "2023.10.10"]
[SourceQuality "1"]
[WhiteTeam "Jaime Casas"]
[BlackTeam "Palacio de Pioneros"]
[WhiteTeamCountry "ESP"]
[BlackTeamCountry "ESP"]

1. Nf3 e6 2. c4 Nf6 3. g3 b6 4. Bg2 Bb7 5. 0-0 c5 6. Nc3 Be7 7. d4 cxd4 8. Nb5 a6 9. Nbxd4 0-0 10. b3 Qc7 11. Bb2 Rd8 12. Rc1 d6 13. a3 Nbd7 14. b4 Rac8 15. Qb3 Qb8 16. Rfd1 Qa8 17. h3 Ne4 18. Ne1 Bf6 19. Ndf3 d5 20. Bxf6 Ndxf6 21. cxd5 Bxd5 22. Qe3 Qb7 23. Nd4 h6 24. Ndf3 Ne8 25. Ne5 N8d6 26. Bxe4 Nxe4 27. Kh2 Nd6 28. Qf4 Nb5 29. f3 f6 30. Ng4 Nxa3 31. Rxc8 Qxc8 32. Nxf6+ gxf6 33. Qxf6 Rd7 34. Rd4 Rg7 35. e4 Qc3 36. exd5 Qxe1 37. Qxe6+ Qxe6 38. dxe6 Re7 39. Rd6 Nc4 40. Rc6 Ne5 41. Rxb6 Nxf3+ 42. Kg2 Nd4 43. Rxa6 Nxe6 44. Rb6 Kg7 45. h4 Nd4 46. g4 Nc2 47. Kg3 Rc7 48. g5 hxg5 49. hxg5 Rc3+ 50. Kg4 Rc4+ 51. Kf5 Rxb4 52. Rxb4 1/2-1/2

[Event "Aragon-chT Honor Titulo"]
[Site "Aragon"]
[Date "2021.05.29"]
[Round "9.4"]
[White "Maza Broto, Pablo"]
[Black "Sacristan Latorre, Carlos"]
[Result "1-0"]
[WhiteElo "2026"]
[BlackElo "1667"]
[PlyCount "59"]
[EventDate "2021.05.15"]
[EventType "team-tourn"]
[EventRounds "10"]
[EventCountry "ESP"]
[SourceTitle "EXT 2024"]
[Source "ChessBase"]
[SourceDate "2023.10.10"]
[SourceVersion "1"]
[SourceVersionDate "2023.10.10"]
[SourceQuality "1"]
[WhiteTeam "Jaime Casas"]
[BlackTeam "Palacio de Pioneros II"]
[WhiteTeamCountry "ESP"]
[BlackTeamCountry "ESP"]

1. e4 c5 2. Nf3 d6 3. d4 cxd4 4. Nxd4 Nf6 5. Nc3 a6 6. Be2 Qc7 7. 0-0 Nbd7 8. f4 b5 9. a3 Bb7 10. Bf3 g6 11. Re1 e5 12. Nb3 Rc8 13. Kh1 h5 14. f5 Be7 15. Bg5 Ng4 16. Qd2 gxf5 17. Bxe7 Kxe7 18. exf5 Bxf3 19. gxf3 Ngf6 20. Rad1 Rcg8 21. Na5 Nb6 22. Nb7 Nc4 23. Nd5+ Nxd5 24. Qxd5 Rb8 25. Nxd6 Qxd6 26. Qe4 Qc7 27. b3 f6 28. bxc4 bxc4 29. Qd5 Rb6 30. Rg1 1-0

[Event "Aragon-chT Honor Gr I"]
[Site "Aragon"]
[Date "2018.02.17"]
[Round "4.4"]
[White "Avellanas Pau, Miguel Angel"]
[Black "Maza Broto, Pablo"]
[Result "0-1"]
[WhiteElo "1843"]
[BlackElo "2076"]
[PlyCount "50"]
[EventDate "2018.01.27"]
[EventType "team-tourn"]
[EventRounds "7"]
[EventCountry "ESP"]
[SourceTitle "EXT 2019"]
[Source "ChessBase"]
[SourceDate "2018.10.10"]
[SourceVersion "1"]
[SourceVersionDate "2018.10.10"]
[SourceQuality "1"]
[WhiteTeam "Barbastro"]
[BlackTeam "Jaime Casas"]
[WhiteTeamCountry "ESP"]
[BlackTeamCountry "ESP"]

1. e4 c5 2. Nf3 e6 3. d4 cxd4 4. Nxd4 Nf6 5. Nc3 Nc6 6. Be3 d6 7. Bc4 Be7 8. 0-0 a6 9. Qe2 0-0 10. Bb3 Na5 11. a4 b6 12. Ba2 Qc7 13. Rad1 Bb7 14. f3 Rac8 15. Nxe6 fxe6 16. Bxe6+ Kh8 17. Bxc8 Rxc8 18. Rd4 Nc4 19. Bc1 d5 20. Kh1 Bc5 21. Rdd1 Re8 22. b3 Nd6 23. e5 Nf5 24. f4 d4 25. Qd3 Nh4 0-1

[Event "Estadilla op 31st rapid"]
[Site "Estadilla"]
[Date "2017.05.21"]
[Round "4"]
[White "Barbero Sendic, Alejandro"]
[Black "Maza Broto, Pablo"]
[Result "1-0"]
[WhiteElo "2374"]
[BlackElo "2048"]
[PlyCount "70"]
[EventDate "2017.05.21"]
[EventType "swiss (rapid)"]
[EventRounds "9"]
[EventCountry "ESP"]
[SourceTitle "EXT 2019"]
[Source "ChessBase"]
[SourceDate "2018.10.10"]
[SourceVersion "1"]
[SourceVersionDate "2018.10.10"]
[SourceQuality "1"]

1. e4 c5 2. Nf3 e6 3. d4 cxd4 4. Nxd4 Nc6 5. Nc3 d6 6. Be3 Nf6 7. Be2 Be7 8. Qd2 a6 9. 0-0-0 Qc7 10. f4 Bd7 11. g4 Nxd4 12. Bxd4 e5 13. Be3 Bc6 14. Bf3 Nd7 15. f5 Rc8 16. Kb1 b5 17. g5 Nb6 18. Bxb6 Qxb6 19. f6 gxf6 20. gxf6 Bf8 21. Rhg1 h5 22. Rg2 Rh6 23. Qg5 b4 24. Nd5 Bxd5 25. Rxd5 Rg6 26. Qf5 Qc7 27. Rdd2 Rxg2 28. Rxg2 Qc4 29. Bxh5 Rc7 30. Qf3 d5 31. exd5 Qh4 32. Re2 Bd6 33. h3 Rc4 34. Bg4 Rf4 35. Qxf4 Qh6 1-0

[Event "Aragon-chT Preferente A"]
[Site "Aragon"]
[Date "2017.03.25"]
[Round "9.37"]
[White "Maza Broto, Pablo"]
[Black "Guetas Sanchez, Hugo"]
[Result "1/2-1/2"]
[WhiteElo "2022"]
[BlackElo "2131"]
[PlyCount "24"]
[EventDate "2017.01.28"]
[EventType "team-tourn"]
[EventRounds "9"]
[EventCountry "ESP"]
[SourceTitle "EXT 2018"]
[Source "ChessBase"]
[SourceDate "2017.10.13"]
[SourceVersion "1"]
[SourceVersionDate "2017.10.13"]
[SourceQuality "1"]
[WhiteTeam "Jaime Casas II"]
[BlackTeam "Barbastro"]
[WhiteTeamCountry "ESP"]
[BlackTeamCountry "ESP"]

1. d4 d5 2. Nf3 Nf6 3. c4 c6 4. cxd5 cxd5 5. Nc3 Nc6 6. Bg5 e6 7. e3 Be7 8. Bd3 0-0 9. 0-0 Ne8 10. Bxe7 Qxe7 11. Re1 Nf6 12. Ne5 Nxe5 1/2-1/2

[Event "Aragon-chT Preferente A"]
[Site "Aragon"]
[Date "2017.01.28"]
[Round "1.49"]
[White "Accattato Martin, Mario"]
[Black "Maza Broto, Pablo"]
[Result "0-1"]
[WhiteElo "2251"]
[BlackElo "2022"]
[PlyCount "126"]
[EventDate "2017.01.28"]
[EventType "team-tourn"]
[EventRounds "9"]
[EventCountry "ESP"]
[SourceTitle "EXT 2018"]
[Source "ChessBase"]
[SourceDate "2017.10.13"]
[SourceVersion "1"]
[SourceVersionDate "2017.10.13"]
[SourceQuality "1"]
[WhiteTeam "Monzon"]
[BlackTeam "Jaime Casas II"]
[WhiteTeamCountry "ESP"]
[BlackTeamCountry "ESP"]

1. e4 c5 2. Nf3 e6 3. g3 Nc6 4. Bg2 d6 5. 0-0 Nf6 6. Re1 Be7 7. d4 cxd4 8. Nxd4 e5 9. Ne2 0-0 10. Nbc3 Be6 11. h3 Rc8 12. Be3 a6 13. g4 Na5 14. b3 Qc7 15. g5 Nh5 16. Nd5 Bxd5 17. Qxd5 Nc6 18. c4 g6 19. Rad1 Kh8 20. Ng3 Ng7 21. h4 f6 22. Qd2 fxg5 23. hxg5 Ne6 24. Ne2 Qd8 25. Bh3 Nxg5 26. Bxg5 Bxg5 27. Qxd6 Qxd6 28. Rxd6 Rc7 29. Bg2 Bh4 30. Rf1 Rcf7 31. f3 Bd8 32. Rfd1 Bb6+ 33. Kh2 Bc5 34. R6d5 Be3 35. Rd7 Kg7 36. Rxf7+ Rxf7 37. Kg3 h5 38. Bh3 Nd4 39. Nxd4 exd4 40. Be6 Re7 41. Bd5 g5 42. b4 Kf6 43. c5 h4+ 44. Kh3 Ke5 45. a4 Kf4 46. Kg2 Rh7 47. Be6 Ke5 48. Bg8 h3+ 49. Kh1 Rg7 50. Bd5 Kf4 51. b5 axb5 52. axb5 Kxf3 53. c6 bxc6 54. Bxc6 Ke2 55. Rb1 d3 56. b6 d2 57. b7 Bf4 58. Ba4 Bb8 59. Bb5+ Kf2 60. Ba4 Rc7 61. Rd1 Rc1 62. Bb3 Rxd1+ 63. Bxd1 Ke1 0-1

[Event "Aragon-chT Preferente A"]
[Site "Aragon"]
[Date "2015.03.21"]
[Round "9.42"]
[White "Maza Broto, Pablo"]
[Black "Gines Esteo, Pedro Antonio"]
[Result "1/2-1/2"]
[WhiteElo "2076"]
[BlackElo "2044"]
[PlyCount "74"]
[EventDate "2015.01.24"]
[EventType "team-tourn"]
[EventRounds "11"]
[EventCountry "ESP"]
[SourceTitle "EXT 2017"]
[Source "ChessBase"]
[SourceDate "2016.10.25"]
[SourceVersion "1"]
[SourceVersionDate "2016.10.25"]
[SourceQuality "1"]
[WhiteTeam "Jaime Casas II"]
[BlackTeam "IberCaja II"]
[WhiteTeamCountry "ESP"]
[BlackTeamCountry "ESP"]

1. d4 Nf6 2. Nf3 e6 3. c4 Bb4+ 4. Nc3 0-0 5. e3 b6 6. Bd3 Bb7 7. 0-0 Bxc3 8. bxc3 Ne4 9. Qc2 f5 10. Nd2 Nxd2 11. Bxd2 d6 12. f3 h6 13. Rae1 Nd7 14. e4 f4 15. e5 dxe5 16. Be4 Bxe4 17. Qxe4 Qe7 18. g3 fxg3 19. hxg3 Rad8 20. f4 exd4 21. cxd4 Nf6 22. Qe5 Rfe8 23. f5 Qd6 24. fxe6 Qxd4+ 25. Qxd4 Rxd4 26. Bxh6 Re4 27. Rxe4 Nxe4 28. Bf4 c6 29. Rd1 Rxe6 30. Rd7 a6 31. Ra7 Nc5 32. Kg2 b5 33. cxb5 cxb5 34. Kf3 Rf6 35. Kg4 Rf7 36. Ra8+ Kh7 37. Be3 Rc7 1/2-1/2

[Event "Aragon-chT Preferente A"]
[Site "Aragon"]
[Date "2014.01.25"]
[Round "1.50"]
[White "Maza Broto, Pablo"]
[Black "Zubialde Ayala, Gonzalo"]
[Result "1/2-1/2"]
[WhiteElo "2045"]
[BlackElo "1731"]
[PlyCount "58"]
[EventDate "2014.01.25"]
[EventType "team-tourn"]
[EventRounds "9"]
[EventCountry "ESP"]
[SourceTitle "EXT 2015"]
[Source "ChessBase"]
[SourceDate "2014.11.20"]
[SourceVersion "1"]
[SourceVersionDate "2014.11.20"]
[SourceQuality "1"]
[WhiteTeam "Jaime Casas II"]
[BlackTeam "Agrupacion II"]
[WhiteTeamCountry "ESP"]
[BlackTeamCountry "ESP"]

1. d4 f5 2. Nf3 Nf6 3. c4 e6 4. g3 Be7 5. Bg2 c6 6. 0-0 0-0 7. Nc3 d5 8. Bf4 Nbd7 9. Qc2 Ne4 10. Nxe4 fxe4 11. Ne5 Bg5 12. Nxd7 Bxd7 13. Bd6 Be7 14. Be5 Bf6 15. f3 Bxe5 16. dxe5 exf3 17. exf3 Rf5 18. f4 g5 19. Bh3 Rf7 20. f5 exf5 21. Bxf5 Bxf5 22. Rxf5 Rxf5 23. Qxf5 dxc4 24. Qe6+ Kg7 25. Rf1 Qd4+ 26. Rf2 Qd1+ 27. Rf1 Qd4+ 28. Rf2 Qd1+ 29. Rf1 Qd4+ 1/2-1/2

[Event "Aragon-chT Preferente Descenso"]
[Site "Aragon"]
[Date "2013.04.06"]
[Round "10.38"]
[White "Maza Broto, Pablo"]
[Black "Valiente Roy, Jose Javier"]
[Result "1-0"]
[WhiteElo "2037"]
[BlackElo "2031"]
[PlyCount "55"]
[EventDate "2013.01.26"]
[EventType "team-tourn"]
[EventRounds "10"]
[EventCountry "ESP"]
[SourceTitle "EXT 2014"]
[Source "ChessBase"]
[SourceDate "2013.11.20"]
[SourceVersion "1"]
[SourceVersionDate "2013.11.20"]
[SourceQuality "1"]
[WhiteTeam "Jaime Casas II"]
[BlackTeam "Ramiro II"]
[WhiteTeamCountry "ESP"]
[BlackTeamCountry "ESP"]

1. d4 d6 2. Nf3 g6 3. e4 Bg7 4. h3 Nf6 5. Nc3 a6 6. a4 b6 7. Bc4 e6 8. Bg5 Bb7 9. Qe2 Qc8 10. 0-0 0-0 11. Rad1 h6 12. Bxf6 Bxf6 13. e5 Bg7 14. d5 exd5 15. Nxd5 Bxd5 16. Rxd5 Re8 17. Qd3 dxe5 18. Nxe5 Bxe5 19. Rxe5 Kg7 20. Rxe8 Qxe8 21. Qc3+ Kh7 22. Re1 Qf8 23. Qf3 Ra7 24. Bxf7 c5 25. Bxg6+ Kg7 26. Qxf8+ Kxf8 27. Re8+ Kg7 28. Rxb8 1-0

[Event "Aragon-chT Honor GrB "]
[Site "Aragon"]
[Date "2012.02.25"]
[Round "4.20"]
[White "Sacristan Latorre, Alberto"]
[Black "Maza Broto, Pablo"]
[Result "1/2-1/2"]
[WhiteElo "1989"]
[BlackElo "2084"]
[PlyCount "118"]
[EventDate "2012.02.04"]
[EventType "team-tourn"]
[EventRounds "7"]
[EventCountry "ESP"]
[SourceTitle "EXT 2014"]
[Source "ChessBase"]
[SourceDate "2013.11.20"]
[SourceVersion "1"]
[SourceVersionDate "2013.11.20"]
[SourceQuality "1"]
[WhiteTeam "Ramiro"]
[BlackTeam "Jaime Casas"]
[WhiteTeamCountry "ESP"]
[BlackTeamCountry "ESP"]

1. e4 c5 2. Nf3 a6 3. c3 e6 4. d4 d5 5. e5 Nc6 6. a3 f5 7. b4 cxb4 8. cxb4 Nh6 9. Bxh6 gxh6 10. Nc3 Bd7 11. Bd3 Rc8 12. Ne2 Bg7 13. Nf4 0-0 14. Qd2 Qb6 15. Be2 Ne7 16. 0-0 Bb5 17. Rfc1 Bxe2 18. Qxe2 Ng6 19. Nd3 Qb5 20. Qd2 b6 21. Rc3 Ne7 22. Rac1 Rc4 23. Nb2 Rxc3 24. Rxc3 Rc8 25. Rxc8+ Nxc8 26. Qc3 Qd7 27. a4 Na7 28. Kf1 Qc6 29. Qxc6 Nxc6 30. b5 axb5 31. axb5 Nxd4 32. Nxd4 Bxe5 33. Nxe6 Bxb2 34. Nc7 Kf7 35. Nxd5 Bd4 36. Ke2 Ke6 37. Ne3 f4 38. Nc2 Bc5 39. f3 Kd5 40. Kd3 Bg1 41. h3 Kc5 42. Ke4 Kxb5 43. Kxf4 Kc4 44. Ke4 Bc5 45. Ne1 b5 46. Nd3 Be7 47. f4 b4 48. Nxb4 Bxb4 49. f5 Bc3 50. g4 Bf6 51. h4 Kc5 52. g5 hxg5 53. hxg5 Bxg5 54. f6 Bxf6 55. Kf3 Kd5 56. Kg2 Ke4 57. Kh1 Kf3 58. Kg1 Kg3 59. Kh1 Bd4 1/2-1/2

[Event "Aragon-chT Preferente B"]
[Site "Aragon"]
[Date "2012.02.04"]
[Round "1.70"]
[White "Gutierrez Mingueza, Ruben"]
[Black "Maza Broto, Pablo"]
[Result "1/2-1/2"]
[WhiteElo "2074"]
[BlackElo "2084"]
[PlyCount "83"]
[EventDate "2012.02.04"]
[EventType "team"]
[EventRounds "9"]
[EventCountry "ESP"]
[SourceTitle "EXT 2014"]
[Source "ChessBase"]
[SourceDate "2013.11.20"]
[SourceVersion "1"]
[SourceVersionDate "2013.11.20"]
[SourceQuality "1"]
[WhiteTeam "San Jose"]
[BlackTeam "Jaime Casas II"]
[WhiteTeamCountry "ESP"]
[BlackTeamCountry "ESP"]

1. d4 d5 2. c4 e6 3. Nc3 Nf6 4. Nf3 Be7 5. Bg5 c6 6. e3 Nbd7 7. Bd3 dxc4 8. Bxc4 b5 9. Be2 Bb7 10. 0-0 0-0 11. Qc2 a6 12. Rfd1 Qc7 13. Ne4 c5 14. Nxf6+ Nxf6 15. Bd3 h6 16. Bxf6 gxf6 17. Be4 Rac8 18. Bxb7 Qxb7 19. d5 f5 20. e4 Rcd8 21. exf5 Rxd5 22. fxe6 f5 23. Rxd5 Qxd5 24. a4 Rd8 25. axb5 axb5 26. Re1 c4 27. Qc1 Kh7 28. Qf4 Bf6 29. Qc7+ Bg7 30. Qf7 Rf8 31. Qh5 Qc6 32. e7 Re8 33. Qxf5+ Qg6 34. Qxb5 c3 35. bxc3 Bxc3 36. Re6 Qxe6 37. Qxe8 Bf6 38. Qa4 Qxe7 39. Qc2+ Kg7 40. h3 Qb7 41. Qf5 Qc7 42. Qg4+ 1/2-1/2

[Event "La Roda op 38th"]
[Site "La Roda"]
[Date "2011.04.21"]
[Round "3"]
[White "Maza Broto, Pablo"]
[Black "Almagro Llamas, Pablo"]
[Result "0-1"]
[WhiteElo "2083"]
[BlackElo "2472"]
[PlyCount "58"]
[EventDate "2011.04.20"]
[EventType "swiss"]
[EventRounds "9"]
[EventCountry "ESP"]
[SourceTitle "EXT 2012"]
[Source "ChessBase"]
[SourceDate "2011.11.24"]
[SourceVersion "1"]
[SourceVersionDate "2011.11.24"]
[SourceQuality "1"]

1. d4 Nf6 2. Nf3 e6 3. c4 b6 4. g3 Ba6 5. Qc2 c5 6. Bg2 Bb7 7. 0-0 cxd4 8. Nxd4 Bxg2 9. Kxg2 Qc7 10. e4 a6 11. b3 Qe5 12. Bb2 Qxe4+ 13. Qxe4 Nxe4 14. Re1 Nc5 15. Re3 Be7 16. Nc3 0-0 17. b4 Nb7 18. Na4 Bxb4 19. Nxb6 Ra7 20. Nb3 Na5 21. Nxa5 Bxa5 22. c5 Nc6 23. Rb3 Rb8 24. Ba3 d5 25. f4 Nd4 26. Rd3 Nc6 27. Rb1 Rab7 28. Rdb3 Nd4 29. Rd3 Nb5 0-1